Airline to Country - Statistics

General Stats
  • This quiz has been taken 19 times
  • The average score is 26 of 40
Answer Stats
Airline Country % Correct
3) Qantas Australia
100%
8) Air Cairo Egypt
100%
10) Lufthansa Germany
100%
2) RyanAir Ireland
100%
12) Royal Air Maroc Morocco
100%
13) Rwandair Rwanda
100%
1) Southwest United States
100%
19) Finnair Finland
94%
6) Nippon Airlines Japan
94%
18) Aegean Air Greece
88%
31) Royal Jordanian Jordan
88%
23) Air Baltic Latvia
88%
24) KLM Airlines Netherlands
88%
20) Swiss Air Switzerland
88%
4) Etihad United Arab Emirates
88%
27) VietJet Air Vietnam
82%
7) LATAM Chile
71%
38) El Al Air Israel
71%
22) Air Dolomiti Italy
71%
29) Air Astana Kazakhstan
71%
32) LionAir Indonesia
65%
39) Jazeera Air Kuwait
65%
28) Cebu Pacific Philippines
65%
21) Wizz Air Hungary
59%
36) Cargolux Luxembourg
59%
16) SATENA Colombia
47%
11) Gianair Ghana
47%
5) Cathay Pacific Hong Kong
47%
30) SpiceJet India
47%
40) Middle East Air Lebanon
47%
34) Copa Airlines Panama
41%
25) SprintAir Poland
41%
17) Alsie Express Denmark
35%
26) NorlandAir Iceland
35%
14) Nouvelair Tunisia
29%
37) Drukair Bhutan
24%
35) Arajet Dominican Republic
24%
15) Mahogany Air Zambia
24%
33) Coral Sun Air Kiribati
18%
9) Eagle Air Guinea
12%
No matching quizzes found
Score Distribution
Percent of People with Each Score
Percentile by Number Answered
Your Score History
You have not taken this quiz